Los artistas bajo la carpa del circo: perplejos

-д хадгалсан:
Номзүйн дэлгэрэнгүй
Үндсэн зохиолч: Kluge, Alexander (Зохиогч)
Формат: Ном
Хэл сонгох:испани
Хэвлэсэн: Madrid Alianza 1972
Хэвлэл:1a. ed
Цуврал:El Libro de Bolsillo, 360
Нөхцлүүд:
Шошгууд: Шошго нэмэх
Шошго байхгүй, Энэхүү баримтыг шошголох эхний хүн болох!

MARC

LEADER 00000cam a2200000 a 4500
001 UCE2804
003 CL-VaPUC
008 140724e19720000sp |||||||||||||||||spa|d
082 0 4 |a 830  |b KLU  |2 21 
100 |a Kluge, Alexander  |e author  |9 575363 
245 1 4 |a Los artistas bajo la carpa del circo: perplejos 
246 1 3 |a La escéptica 
246 1 0 |a Proyecto Z 
246 1 0 |a Proverbios de Leni Peickert 
250 |a 1a. ed 
300 |a 163 p 
942 |c BK 
945 |d 20140724 10:48:00  |a dcastane 
260 |a Madrid  |b Alianza  |c 1972 
650 0 |a Literatura alemana   |9 265457 
650 0 |a Cine  |9 225706 
650 0 |a Argumentos, tramas, etc.   |9 265033 
650 7 |a GUIONES DE CINE  |2 CL-VaPUC  |9 563528 
583 |a last modification  |c 20180402 05:41:15  |k Rodrigo Vera 
490 0 |a El Libro de Bolsillo, 360 
999 |c 356365  |d 356363 
952 |0 0  |1 0  |3 erb  |4 0  |6 830_000000000000000_KLU_1972  |7 0  |8 A  |9 463642  |a BIBART  |b BIBART  |i 5048656  |o 830 KLU 1972  |p 5048656  |r 2025-03-13  |w 2019-11-23  |y BK  |z Catalogado en:20140724  |k ART